000
00319nam a2200109Ia 4500
008
171211s9999 xx 000 0 und d
245
_a
Yodel in Hi-Fi: From Kitsch Folk to Contemporary Electronica
245
_c
Bart Plantenga
260
_c
2012
650
_x
ART
856
_u
http://down.ebook777.com/061/0299290549.pdf
999
_c
348596
_d
348596